000 00291nam a22001217a 4500
005 20230719114359.0
008 230719b ||||| |||| 00| 0 eng d
040 _cAL
041 _aeng
100 _aGray John
_9127706
245 _aMen are from mass women are from venus
942 _2ddc
_cBK
999 _c227985
_d227985